000
00209nam a2200109Ia 4500
100
_a
#N/A
942
_c
BK
654
_a
work interactions
245
_a
Business Etiquette
260
_b
#N/A
546
_a
ENGLISH
999
_c
32876
_d
32876